Catalog

Record Details

Catalog Search



Osobní evangelizace  Cover Image Book Book

Osobní evangelizace / Marek Fajfr

Fajfr, Marek (Author).

Record details

  • Physical Description: 36 s.
  • Publisher: Žilina Nádej 1993

Available copies

  • 1 of 1 copy available at Common Catalog SPOK.

Holds

  • 0 current holds with 1 total copy.
Show Only Available Copies
Location Call Number / Copy Notes Barcode Shelving Location Status Due Date
ETS Library 269.2 424470013098 Volný výběr Available -

LDR 00628nam a2 00241
00135047
003CZ-PrJAB
00520140214000000.0
008111216s1993 xr e |||| |cze
009cz
035 . ‡a(CONS)6796
035 . ‡aKPS13734
040 . ‡aABG450
041 . ‡acze
08214. ‡a269.2
100 . ‡77375 ‡aFajfr, Marek
245 . ‡aOsobní evangelizace / ‡cMarek Fajfr
260 . ‡aŽilina ‡bNádej ‡c1993
300 . ‡a36 s.
653 . ‡aOsobní evangelizace
8524 . ‡bETS ‡bETS ‡cVolný výběr ‡j269.2 ‡gA ‡p424470013098
8524 . ‡bETS ‡bETS ‡cVolný výběr ‡j269.2 ‡gA ‡p424470012577
910 . ‡aABG450
999 . ‡a6796 ‡bAUTOGEN ‡c6796 ‡tbiblio
905 . ‡uadmin
901 . ‡a35047 ‡b ‡c35047 ‡tbiblio ‡sets

Additional Resources